000 00559nmm a2200169Ia 4500
008 251105s9999||||xx |||||||||||||||||und||
020 _a9789587712865
041 _aspa
100 _aGutierrez, Jairo
245 0 _aModelos financieros con Excel 2013 :
_b Herramientas para mejorar la toma de decisiones empresariales
264 _a[Bogotá, Colombia] :
_bEcoe Ediciones,
_c2016
300 _a308 páginas
490 _aCiencias empresariales
650 _aEconomics and Business
856 _uhttps://public.digitaliapublishing.com/a/47089
942 _cCF
999 _c96182
_d96182